Erosion and sedimentation
Αποθηκεύτηκε σε:
| Κύριος συγγραφέας: | |
|---|---|
| Μορφή: | Βιβλίο |
| Γλώσσα: | English |
| Δημοσίευση: |
Cambridge :
Cambridge University Press,
1995
|
| Θέματα: | |
| Ετικέτες: |
Προσθήκη ετικέτας
Δεν υπάρχουν, Καταχωρήστε ετικέτα πρώτοι!
|
MARC
| LEADER | 00000nam a2200000 i 4500 | ||
|---|---|---|---|
| 001 | 1/49682 | ||
| 008 | 070731s1998 eng d | ||
| 020 | |a 0-521-63639-6 (pbk.) | ||
| 035 | |l 10089253 | ||
| 040 | |a GR-MY-UA |b gre |e aacr | ||
| 041 | 0 | |a eng | |
| 082 | 0 | |a 551.302 |2 (22) | |
| 100 | 1 | |a Julien, Pierre Y. | |
| 245 | 1 | 0 | |a Erosion and sedimentation / |c Pierre Y. Julien |
| 260 | |a Cambridge : |b Cambridge University Press, |c 1995 | ||
| 300 | |a xvii, 280 σ.; |b εικ., χάρτες; |c 24 εκ. | ||
| 504 | |a Βιβλιογραφία: σ. 269-277 | ||
| 504 | |a Ευρετήριο: σ. 279-280 | ||
| 650 | 0 | 0 | |a Erosion. |
| 650 | 0 | 0 | |a Sedimentation and deposition. |
| 852 | |a INST |b LESVOS |e 20070731 |h 551.302 JUL |p 005100041312 |q 005100041312 |t BK |y 0 | ||
| 901 | |a BIBL1-2007-2 | ||
| 909 | |a Λ |b 137364 | ||
| 922 | |a 1ΕΛΗ |b 200707 |c ΕΠΕΑΕΚ2/ΤΕΘ |d ΕΛΕΥΘΕΡΟΥΔΑΚΗΣ | ||
| 970 | |a ΚΑΡΑ |b ΓΙΑΣΕΜΗ |z 2007/07/31 | ||